Rapid Automated Target Segmentation and Tracking on 4D Data without Initial Contours, Venkata V. Chebrolu, Daniel Saenz, Dinesh Tewatia, William A. Sethares, George Cannon, and Bhudatt R. Paliwal (Record no. 332776)
[ view plain ]
| 000 -LEADER | |
|---|---|
| fixed length control field | 00536nam a2200133Ia 4500 |
| 008 - FIXED-LENGTH DATA ELEMENTS--GENERAL INFORMATION | |
| fixed length control field | 170516s9999 xx 000 0 und d |
| 245 ## - TITLE STATEMENT | |
| Title | Rapid Automated Target Segmentation and Tracking on 4D Data without Initial Contours, Venkata V. Chebrolu, Daniel Saenz, Dinesh Tewatia, William A. Sethares, George Cannon, and Bhudatt R. Paliwal |
| 260 ## - PUBLICATION, DISTRIBUTION, ETC. (IMPRINT) | |
| Name of publisher, distributor, etc | Radiology Research and Practice |
| 260 ## - PUBLICATION, DISTRIBUTION, ETC. (IMPRINT) | |
| Date of publication, distribution, etc | 2014 |
| 300 ## - PHYSICAL DESCRIPTION | |
| Extent | : |
| 650 ## - SUBJECT ADDED ENTRY--TOPICAL TERM | |
| General subdivision | Radiologic Technology |
| 650 ## - SUBJECT ADDED ENTRY--TOPICAL TERM | |
| General subdivision | Radtech |
| 856 ## - ELECTRONIC LOCATION AND ACCESS | |
| Uniform Resource Identifier | <a href="https://www.hindawi.com/journals/rrp/contents/2/">https://www.hindawi.com/journals/rrp/contents/2/</a> |
| Withdrawn status | Lost status | Damaged status | Home library | Current library | Date acquired | Total Checkouts | Date last seen | Price effective from | Koha item type |
|---|---|---|---|---|---|---|---|---|---|
| College Library | College Library | 05/16/2017 | 05/16/2017 | 05/16/2017 | Foreign e-journal articles |